|
|
|
|
| LEADER |
03091nam a2200577 4500 |
| 001 |
978-981-10-5190-6 |
| 003 |
DE-He213 |
| 005 |
20191029021956.0 |
| 007 |
cr nn 008mamaa |
| 008 |
180715s2018 si | s |||| 0|eng d |
| 020 |
|
|
|a 9789811051906
|9 978-981-10-5190-6
|
| 024 |
7 |
|
|a 10.1007/978-981-10-5190-6
|2 doi
|
| 040 |
|
|
|d GrThAP
|
| 050 |
|
4 |
|a T174.7
|
| 050 |
|
4 |
|a TA418.9.N35
|
| 072 |
|
7 |
|a TBN
|2 bicssc
|
| 072 |
|
7 |
|a TEC027000
|2 bisacsh
|
| 072 |
|
7 |
|a TBN
|2 thema
|
| 082 |
0 |
4 |
|a 620.115
|2 23
|
| 100 |
1 |
|
|a Sun, Xiaoming.
|e author.
|4 aut
|4 http://id.loc.gov/vocabulary/relators/aut
|
| 245 |
1 |
0 |
|a Nanoseparation Using Density Gradient Ultracentrifugation
|h [electronic resource] :
|b Mechanism, Methods and Applications /
|c by Xiaoming Sun, Liang Luo, Yun Kuang, Pengsong Li.
|
| 250 |
|
|
|a 1st ed. 2018.
|
| 264 |
|
1 |
|a Singapore :
|b Springer Singapore :
|b Imprint: Springer,
|c 2018.
|
| 300 |
|
|
|a IX, 110 p. 75 illus., 64 illus. in color.
|b online resource.
|
| 336 |
|
|
|a text
|b txt
|2 rdacontent
|
| 337 |
|
|
|a computer
|b c
|2 rdamedia
|
| 338 |
|
|
|a online resource
|b cr
|2 rdacarrier
|
| 347 |
|
|
|a text file
|b PDF
|2 rda
|
| 490 |
1 |
|
|a SpringerBriefs in Molecular Science,
|x 2191-5407
|
| 520 |
|
|
|a This book introduces the classification and mechanism of density gradient ultracentrifugation (DGUC) method with rich examples showing the versatility of such an efficient separation technique. It also gives a strict mathematical description and a computational optimization model to predict the best separation parameters for a given colloidal system. The concept of "Lab in a tube" is proposed in the last chapter, which allows the size-property relationship investigation, synthetic optimization and reaction/assembly mechanism exploration etc. .
|
| 650 |
|
0 |
|a Nanotechnology.
|
| 650 |
|
0 |
|a Analytical chemistry.
|
| 650 |
|
0 |
|a Polymers .
|
| 650 |
|
0 |
|a Nanochemistry.
|
| 650 |
|
0 |
|a Inorganic chemistry.
|
| 650 |
1 |
4 |
|a Nanotechnology.
|0 http://scigraph.springernature.com/things/product-market-codes/Z14000
|
| 650 |
2 |
4 |
|a Analytical Chemistry.
|0 http://scigraph.springernature.com/things/product-market-codes/C11006
|
| 650 |
2 |
4 |
|a Polymer Sciences.
|0 http://scigraph.springernature.com/things/product-market-codes/C22008
|
| 650 |
2 |
4 |
|a Nanochemistry.
|0 http://scigraph.springernature.com/things/product-market-codes/C33000
|
| 650 |
2 |
4 |
|a Inorganic Chemistry.
|0 http://scigraph.springernature.com/things/product-market-codes/C16008
|
| 700 |
1 |
|
|a Luo, Liang.
|e author.
|4 aut
|4 http://id.loc.gov/vocabulary/relators/aut
|
| 700 |
1 |
|
|a Kuang, Yun.
|e author.
|4 aut
|4 http://id.loc.gov/vocabulary/relators/aut
|
| 700 |
1 |
|
|a Li, Pengsong.
|e author.
|4 aut
|4 http://id.loc.gov/vocabulary/relators/aut
|
| 710 |
2 |
|
|a SpringerLink (Online service)
|
| 773 |
0 |
|
|t Springer eBooks
|
| 776 |
0 |
8 |
|i Printed edition:
|z 9789811051890
|
| 776 |
0 |
8 |
|i Printed edition:
|z 9789811051913
|
| 830 |
|
0 |
|a SpringerBriefs in Molecular Science,
|x 2191-5407
|
| 856 |
4 |
0 |
|u https://doi.org/10.1007/978-981-10-5190-6
|z Full Text via HEAL-Link
|
| 912 |
|
|
|a ZDB-2-CMS
|
| 950 |
|
|
|a Chemistry and Materials Science (Springer-11644)
|